[Event "24. Erfurter Schachfestival 2014 - Seni"]
[Site "Erfurt"]
[Date "2014.12.28"]
[Round "3.4"]
[White "Scholtyssek, Werner"]
[Black "Selig, Rainer"]
[Result "0-1"]
[WhiteElo "1786"]
[BlackElo "2101"]
[PlyCount "62"]
[EventDate "2014.12.26"]
[EventRounds "5"]
[EventCountry "GER"]
[Source "24. ESF 2014"]
[SourceDate "2014.12.30"]

1. c4 e5 2. Nc3 Nc6 3. g3 g6 4. Bg2 Bg7 5. d3 Nge7 6. Bg5 h6 7. Bd2 O-O 8. Qc1
Kh7 9. e3 d6 10. a3 a5 11. Nce2 Be6 12. Bc3 d5 13. cxd5 Nxd5 14. Qc2 Nxc3 15.
Nxc3 f5 16. Nge2 Qd7 17. O-O Rfd8 18. Rad1 Qf7 19. Nc1 Rab8 20. Nb5 Bd5 21. e4
fxe4 22. Bxe4 Be6 23. f4 Bh3 24. Rf2 Qd7 25. Qc4 exf4 26. Rxf4 Ne5 27. Qb3 c6
28. Nc3 Rf8 29. N3e2 Ng4 30. Rxf8 Rxf8 31. Nf4 Qd4+ 0-1

[Event "24. Erfurter Schachfestival 2014 - Seni"]
[Site "Erfurt"]
[Date "2014.12.28"]
[Round "3.5"]
[White "Kröncke, Manfred"]
[Black "Prachar, Josef"]
[Result "1/2-1/2"]
[WhiteElo "1996"]
[BlackElo "1884"]
[PlyCount "74"]
[EventDate "2014.12.26"]
[EventRounds "5"]
[EventCountry "GER"]
[Source "24. ESF 2014"]
[SourceDate "2014.12.30"]

1. e4 c5 2. Nf3 Nc6 3. Bb5 g6 4. O-O Bg7 5. Re1 Nf6 6. e5 Nd5 7. Nc3 Nc7 8.
Bxc6 dxc6 9. d3 Ne6 10. h3 O-O 11. Ne4 b6 12. a4 a5 13. Neg5 h6 14. Nxe6 Bxe6
15. Qe2 Qd7 16. Bd2 Rfd8 17. Rad1 Qc7 18. Bc3 b5 19. b3 Rd7 20. Qe3 c4 21. Nd4
cxd3 22. Nxe6 fxe6 23. Rxd3 b4 24. Rxd7 Qxd7 25. Bd4 Qd5 26. f4 c5 27. Bxc5 Rc8
28. Bxe7 Rxc2 29. Qe4 Qxe4 30. Rxe4 Rc3 31. Bd8 Rxb3 32. Bxa5 Bf8 33. Rc4 Rb1+
34. Kh2 Ra1 35. Bxb4 Rxa4 36. Bxf8 Rxc4 37. Bxh6 Rc3 1/2-1/2

[Event "24. Erfurter Schachfestival 2014 - Seni"]
[Site "Erfurt"]
[Date "2014.12.29"]
[Round "4.1"]
[White "Klein, Leo"]
[Black "Hülle, Gunter"]
[Result "1-0"]
[WhiteElo "1940"]
[BlackElo "1722"]
[PlyCount "45"]
[EventDate "2014.12.26"]
[EventRounds "5"]
[EventCountry "GER"]
[Source "24. ESF 2014"]
[SourceDate "2014.12.30"]

1. d4 Nf6 2. Bf4 g6 3. h3 Bg7 4. c3 c6 5. Nd2 d5 6. e3 Nh5 7. Bh2 f5 8. Be2 Nf6
9. Ngf3 Nbd7 10. Ng5 Nf8 11. Be5 h6 12. Ngf3 N8d7 13. Nh4 Kf7 14. g4 e6 15.
gxf5 exf5 16. Rg1 Nf8 17. Nxg6 Nxg6 18. Bh5 Nxh5 19. Qxh5 Bxe5 20. Qxg6+ Ke7
21. dxe5 Be6 22. Qf6+ Kd7 23. Rg7+ 1-0

[Event "24. Erfurter Schachfestival 2014 - Seni"]
[Site "Erfurt"]
[Date "2014.12.29"]
[Round "4.2"]
[White "Haag, Günter"]
[Black "Weidlich, Günter"]
[Result "0-1"]
[WhiteElo "2013"]
[BlackElo "2184"]
[PlyCount "56"]
[EventDate "2014.12.26"]
[EventRounds "5"]
[EventCountry "GER"]
[Source "24. ESF 2014"]
[SourceDate "2014.12.30"]

1. e4 g6 2. d4 Bg7 3. Nc3 c6 4. Nf3 d6 5. h3 Nd7 6. Be3 b5 7. Qd2 Qc7 8. a4 b4
9. Ne2 Rb8 10. Nc1 Ngf6 11. Bd3 c5 12. c4 bxc3 13. bxc3 c4 14. Bb1 Bb7 15. d5
Nc5 16. Bxc5 Qxc5 17. O-O O-O 18. a5 Ba6 19. Nd4 Rxb1 20. Rxb1 Nxe4 21. Qe3
Nxc3 22. Qxc3 Bxd4 23. Qf3 Qxa5 24. Ne2 Bf6 25. Rfd1 c3 26. Rdc1 Bxe2 27. Qxe2
Qxd5 28. Rc2 Rc8 0-1

[Event "24. Erfurter Schachfestival 2014 - Seni"]
[Site "Erfurt"]
[Date "2014.12.29"]
[Round "4.4"]
[White "Just, Gabriele"]
[Black "Wünsch, Ulrich"]
[Result "1/2-1/2"]
[WhiteElo "1899"]
[BlackElo "2075"]
[PlyCount "39"]
[EventDate "2014.12.26"]
[EventRounds "5"]
[EventCountry "GER"]
[Source "24. ESF 2014"]
[SourceDate "2014.12.30"]

1. d4 Nf6 2. Nf3 d5 3. Bf4 c5 4. e3 e6 5. Nbd2 Nbd7 6. c3 Be7 7. Bd3 O-O 8. O-O
b6 9. Ne5 Bb7 10. Qf3 Re8 11. Qh3 c4 12. Bc2 b5 13. a4 b4 14. Bg5 g6 15. cxb4
Nxe5 16. dxe5 Nd7 17. Bf4 Bxb4 18. Nf3 Be7 19. a5 Nc5 20. Nd4 1/2-1/2

[Event "24. Erfurter Schachfestival 2014 - Seni"]
[Site "Erfurt"]
[Date "2014.12.29"]
[Round "4.5"]
[White "Knosowski, Hans Josef"]
[Black "Kröncke, Manfred"]
[Result "1/2-1/2"]
[WhiteElo "1857"]
[BlackElo "1996"]
[PlyCount "48"]
[EventDate "2014.12.26"]
[EventRounds "5"]
[EventCountry "GER"]
[Source "24. ESF 2014"]
[SourceDate "2014.12.30"]

1. d4 d5 2. c4 e6 3. Nc3 Nf6 4. Bg5 Be7 5. Rc1 O-O 6. e3 h6 7. Bh4 Nbd7 8. Nf3
c6 9. cxd5 exd5 10. Bd3 Ne4 11. Bxe7 Qxe7 12. O-O Re8 13. a3 a5 14. Ne2 Nf8 15.
Ng3 Bg4 16. Be2 Nd7 17. Nd2 Nxg3 18. hxg3 Bxe2 19. Qxe2 a4 20. Nf3 Nf6 21. Qc2
Ne4 22. Ne1 h5 23. Qe2 g6 24. Nd3 Kg7 {"24. Erfurter Schachfestival Meist"]}
1/2-1/2

[Event "24. Erfurter Schachfestival 2014 - Seni"]
[Site "Erfurt"]
[Date "2014.12.30"]
[Round "5.3"]
[White "Wittkugel, Friedhelm"]
[Black "Prachar, Josef"]
[Result "0-1"]
[WhiteElo "1919"]
[BlackElo "1884"]
[PlyCount "71"]
[EventDate "2014.12.26"]
[EventRounds "5"]
[EventCountry "GER"]
[Source "24. ESF 2014"]
[SourceDate "2014.12.30"]

1. d4 Nf6 2. Bg5 Ne4 3. Bh4 d5 4. f3 Nd6 5. Nd2 Bf5 6. e3 Qd7 7. Nb3 b6 8. Bd3
Qe6 9. Bf2 Bxd3 10. Qxd3 Qg6 11. Bg3 e6 12. Ne2 Be7 13. Nf4 Qh6 14. Bf2 a5 15.
Nd2 Na6 16. a3 c5 17. c4 cxd4 18. cxd5 e5 19. Nh3 Nc5 20. Qe2 d3 21. Qd1 Nf5
22. Nf1 a4 23. e4 Nh4 24. Bxh4 Bxh4+ 25. g3 Bg5 26. Nxg5 Qxg5 27. Qd2 Qf6 28.
Qf2 O-O 29. Nd2 Rfc8 30. O-O Nb3 31. Nxb3 axb3 32. Qe3 Rc2 33. Rad1 Qh6 34.
Qxh6 gxh6 35. Rf2 Rxf2 36. Kxf2 {Rest nicht nachvollziehbar} 0-1

[Event "24. Erfurter Schachfestival 2014 - Seni"]
[Site "Erfurt"]
[Date "2014.12.30"]
[Round "5.4"]
[White "Wolf, Mario"]
[Black "Knosowski, Hans Josef"]
[Result "1-0"]
[WhiteElo "1832"]
[BlackElo "1857"]
[PlyCount "59"]
[EventDate "2014.12.26"]
[EventRounds "5"]
[EventCountry "GER"]
[Source "24. ESF 2014"]
[SourceDate "2014.12.30"]

1. c4 e5 2. Nc3 d6 3. g3 f5 4. Bg2 Nf6 5. d4 Be7 6. e3 c6 7. d5 O-O 8. Nge2 Bd7
9. e4 c5 10. O-O Na6 11. f4 Nxe4 12. Nxe4 fxe4 13. Nc3 Bf6 14. fxe5 Bxe5 15.
Rxf8+ Qxf8 16. Nxe4 b5 17. Qe2 bxc4 18. Bf4 Rd8 19. Rf1 Bxf4 20. Rxf4 Qe7 21.
Qxc4 Nc7 22. Qc3 Nb5 23. Qd2 Nd4 24. h4 Bb5 25. Kh2 Be2 26. Qe3 Bh5 27. Qf2 Bg6
28. Nc3 Ne2 29. Nxe2 Qxe2 30. Rf8+ 1-0

[Event "24. Erfurter Schachfestival 2014 - Seni"]
[Site "Erfurt"]
[Date "2014.12.30"]
[Round "5.5"]
[White "Wünsch, Ulrich"]
[Black "Hölting, Siegfried"]
[Result "1-0"]
[WhiteElo "2075"]
[BlackElo "1911"]
[PlyCount "77"]
[EventDate "2014.12.26"]
[EventRounds "5"]
[EventCountry "GER"]
[Source "24. ESF 2014"]
[SourceDate "2014.12.30"]

1. d4 d5 2. Nf3 Nf6 3. e3 e6 4. Bd3 c5 5. c3 Nc6 6. Nbd2 cxd4 7. exd4 Bd6 8.
O-O O-O 9. Re1 Qc7 10. Qe2 h6 11. Ne5 Nh7 12. Ndf3 Ne7 13. g3 Bd7 14. Bd2 a6
15. a4 Rae8 16. Bc2 Bxe5 17. Nxe5 Bc8 18. a5 f5 19. Bf4 Ng5 20. Qh5 Qd8 21.
Bxg5 hxg5 22. Ba4 Nc6 23. Nxc6 bxc6 24. Bxc6 Bd7 25. Bxd7 Qxd7 26. Qxg5 Rf6 27.
Qf4 Kf7 28. Qe5 Rh8 29. f4 Qb7 30. b4 Qc6 31. Rac1 Qc4 32. Qe2 Rfh6 33. Qxc4
dxc4 34. h4 Rb8 35. Re5 Rh5 36. Rce1 Re8 37. Kf2 g6 38. Rc5 Ke7 39. Rxc4 1-0